00446nam a2200181Ia 450000500170000000800410001702000180005804100080007608200130008410000120009724500320010925000120014126000410015330000090019450000230020365000230022670000150024920240927162351.0230125s9999 xx 000 0 und d a9789388754088 aeng a823bAMI aAMISH T aRaavan - Enemy of Aryavarta a1st Ed. c2019bWestland PublicationsaChennai a400p aEnglish Literature aEnglish Literature aTripathi A